000 00314nam a2200097Ia 4500
008 220120s9999||||xx |||||||||||||| ||und||
100 _aseema G and Roopa B. Hegde
_912356
245 0 _aImage processing automation
260 _aCoorg Institute of Technology
_bPonnampet
_c2011
650 _aELECTRONICS AND COMMUNICATIONS
999 _c137942
_d137942